| 000 | 01726cam a22004814a 4500 | ||
|---|---|---|---|
| 001 | muse86578 | ||
| 003 | MdBmJHUP | ||
| 005 | 20210127151727.0 | ||
| 006 | m o d | ||
| 007 | cr||||||||nn|n | ||
| 008 | 770726s1978 ncu o 00 0 eng d | ||
| 010 | _z 77010430 | ||
| 020 | _a9781469658599 | ||
| 020 | _a1469658593 | ||
| 020 | _z0807880906 | ||
| 020 | _z9781469658582 | ||
| 020 | _z1469658585 | ||
| 035 | _a(OCoLC)1155812037 | ||
| 040 |
_aMdBmJHUP _cMdBmJHUP |
||
| 050 | 0 | 4 |
_aPT2635.I65 _bZ959 |
| 082 | 0 | _a831/.9/12 | |
| 100 | 1 |
_aWebb, Karl Eugene, _d1938- |
|
| 245 | 1 | 0 |
_aRainer Maria Rilke and Jugendstil _bAffinities, Influences, Adaptations / _cby Karl Eugene Webb. |
| 264 | 1 | _bUniversity of North Carolina Press, | |
| 264 | 3 | _bProject MUSE, | |
| 300 |
_a1 online resource (ix, 137 p.) : _bill. ; |
||
| 490 | 0 |
_aStudies in the Germanic languages and literatures ; no. 90 _x0081-8593 |
|
| 500 | _aIncludes index. | ||
| 504 | _aBibliography: p. 127-131. | ||
| 506 | 0 |
_aOpen Access _fUnrestricted online access _2star |
|
| 588 | _aDescription based on print version record. | ||
| 600 | 1 | 1 |
_aRilke, Rainer Maria, _d1875-1926 _xCriticism and interpretation. |
| 650 | 0 | _aArt nouveau. | |
| 655 | 7 |
_aElectronic books. _2local |
|
| 710 | 2 |
_aProject Muse. _edistributor |
|
| 830 | 0 |
_aUniversity of North Carolina studies in the Germanic languages and literatures ; _vno. 90. |
|
| 830 | 0 | _aBook collections on Project MUSE. | |
| 856 | 4 | 0 |
_zFull text available: _uhttps://muse.jhu.edu/book/75858/ |
| 999 |
_c26808 _d26808 |
||